00820cam a2200217 a 4500020002800000040000800028082002700036100002100063245008500084260003700169300002600206650002600232650002600258650002500284650001800309856006200327856005400389942000700443999001700450952013500467 a0070450161 (alk. paper) cDLC00a372 MCG 1996 A010 Or. 1 aMcCabe, Allyssa.10aChameleon readers :bteaching children to appreciate all kinds of good stories / aNew York :bMcGraw-Hill,cc1996. axvi, 204 p. ;c24 cm. 0aChildren's literature 0aEducation, Elementary 0aReading (Elementary) 0aStorytelling.42uhttp://www.loc.gov/catdir/description/mh022/95038739.html41uhttp://www.loc.gov/catdir/toc/mh022/95038739.html cEK c13786d13786 0010406372_000000000000000_MCG_1996_A067_OR70965260aLBAbLBAcA067d2017-08-31o372 MCG 1996 A067 Or.pA13451r2017-08-31yEK